LEADER 01246nam a2200289 u 4500 001 000000116095 003 CaOOAMICUS 005 20090610152142.0 008 090610s2007 enkaf u000 u eng r 020 $z978-0-19-921213-2* 040 $aPUL$bita$dLDB 041 1 $aeng$acop 100 1 $aTuckett, C. M.$q(Christopher Mark).$0(OLS)http://pul/name/9796 245 14$aThe Gospel of Mary /$cChristopher Tuckett. 260 $aOxford ;$aNew York :$bOxford University Press,$c2007. 300 $axvii, 226 p., [12] p. di tav. :$bill. ;$c23 cm 490 1 $aOxford early Christian Gospel texts 504 $aBibliografia: p. [207]-213. 546 $aTesto in inglese, brani in copto. 630 04$aApocrypha$pN.T.$kMss. copti.$0(OLS)http://pul/subject/35461 830 0$aOxford early Christian Gospel texts.$0(OLS)http://pul/title/145895 850 $aPUL 852 $aPUL$W1$xSL Religione 3$y85$m229. 8 TUCCH 1$j133019$qDDC 21$B132031$CPULBib$Z2$F132031 $H110624 $82 941 1 $a9 996 $6020$z978-0-19-921213-2*$9(OLS)http://pul/number/141057 996 $6245$aThe Gospel of Mary$9(OLS)http://pul/title/145896 996 $6260$aOxford ;$aNew York :$bOxford University Press$9(OLS)http://pul/publisher/74678 LEADER 01458nam a2200313 a 4500 001 000000120519 003 CaOOAMICUS 005 20100304145953.0 008 100304t2009 it u000 u ita r 020 $a978-88-217-2979-9 040 $aPUL$bita$dReb 100 1 $aAprile, Ercole.$0(OLS)http://pul/name/75378 245 10$aCooperazione giudiziaria penale nell'Unione europea prima e dopo il Trattato di Lisbona /$cErcole Aprile, Filippo Spiezia. 260 $aMilano :$bIpsoa,$cİ2009. 300 $axiv, 313 p. ;$c24 cm. 490 1 $aDiritto e processo penale oggi ;$v03 504 $aInclude riferimenti bibliografici ed indice. 650 4$aDiritto penale.$0(OLS)http://pul/subject/1808 650 4$aCooperazione internazionale$zEuropa.$0(OLS)http://pul/subject/35287 700 1 $aSpiezia, Filippo.$0(OLS)http://pul/name/75380 830 0$aDiritto e processo penale oggi ;$v03.$0(OLS)http://pul/title/142571 850 $aPUL 852 $aPUL$W1$xSL Diritto e Scienze Sociali 3$y79$m345. 45 APRER 1$j138157$qDDC 21$B137360$CPULBib$Z2$F137360 $H113022 $82 941 1 $a9 960 $aPena (diritto)$91808 960 $aPena (diritto)$91808 996 $6020$a978-88-217-2979-9$9(OLS)http://pul/number/143504 996 $6245$aCooperazione giudiziaria penale nell'Unione europea prima e dopo il Trattato di Lisbona$9(OLS)http://pul/title/151575 996 $6260$aMilano :$bIpsoa$9(OLS)http://pul/publisher/67046